Catálogo de los hierros del 'Cau Ferrat' y de 'Maricel' de Sitges
Descripción Física:
311 p., [78] p. de làm., 2 f. pleg. ; 17 cm
MARC
| LEADER | 00000nam a2200000Ia 4500 | ||
|---|---|---|---|
| 001 | 9265 | ||
| 008 | 160829s1946 xx 000 0 cat d | ||
| 080 | |a B-1-256 | ||
| 245 | |a Catálogo de los hierros del 'Cau Ferrat' y de 'Maricel' de Sitges | ||
| 260 | |a Barcelona : |b (Casa Provincial de Caridad, Imprenta - Escuela), |c 1946 | ||
| 300 | |a 311 p., [78] p. de làm., 2 f. pleg. ; |c 17 cm | ||
| 490 | |a Publicaciones de la Junta de Museos de Barcelona | ||
| 590 | |a A la part superior de la portada: Diputación Provincial de Barcelona. | ||
| 590 | |a Índex. | ||
| 590 | |a Hi ha un duplicat a DUP-211 | ||
| 650 | |a Cau Ferrat (Museu) |x Catàlegs |9 28469 | ||
| 650 | |a Maricel (Museu) |x Catàlegs |9 28470 | ||
| 650 | |a Ferramenta |x Sitges |x Catàlegs |9 28471 | ||
| 710 | 1 | |a Barcelona (Catalunya : Província). |b Diputació |9 52408 | |
| 710 | 2 | |a Junta de Museus de Barcelona |9 54561 | |
| 901 | |a Arxiu | ||
| 942 | |n 1 | ||
| 952 | |0 0 |1 0 |4 0 |6 B1256 |7 1 |9 44827 |a Arxiu |b Arxiu |d 2016-12-01 |l 0 |o B-1-256 |p 9265 |r 2016-12-01 00:00:00 |w 2016-12-01 |y ARXIU | ||
| 999 | |c 47425 |d 47425 | ||